臺灣行政區劃 - Statistics

General Stats
  • This quiz has been taken 1 546 times
  • The average score is 13 of 22
Answers on the Map
Answers color-coded by a green-red scale on the quiz's map according to % correct below.
 
Answer Stats
Odpowiedź % Correct
新北
87%
高雄
85%
臺北
84%
基隆
78%
臺南
78%
臺中
74%
桃園
70%
新竹
70%
嘉義
59%
花蓮縣
55%
金門縣
54%
澎湖縣
53%
臺東縣
50%
屏東縣
49%
南投縣
48%
嘉義縣
44%
連江縣
41%
宜蘭縣
41%
雲林縣
41%
苗栗縣
40%
新竹縣
39%
彰化縣
39%
No matching quizzes found
Score Distribution
Percent of People with Each Score
Percentile by Number Answered
Your Score History
You have not taken this quiz